• 首页
  • 本馆介绍
  • 公告通知
  • 最新文献
  • 馆藏检索
  • 电子资源
  • 读者导购
  • 参考咨询
  • 我的图书馆
  • 登录
  • 详细信息显示
  • 放入我的书架
  • 预约/预借图书
  • 作者相关作品
  • 分类相关作品
  • 丛书相关作品
  • 出版社相关作品

书目信息

  • 表格格式
  • 工作单格式
  • 卡片格式
题名:
不确定性之痛
    
 
作者: 霍耐特 著 ;王晓升 译
分册:  
出版信息: 上海   华东师范大学出版社  2016
页数: 25,132页
开本: 19cm
丛书名: “轻与重”文丛
单 册:
中图分类: B516.35 , D90
科图分类:
主题词:
电子资源:
ISBN: 978-7-5675-4902-9
000 01482nam0 22003011 450
001 0119165310
005 20170619165310.0
010    @a978-7-5675-4902-9@b精装@dCNY38.00
100    @a20161129d2016 em y0chiy50 ea
101 1  @achi@cger
102    @aCN@b310000
105    @ay z 000yy
106    @ar
200 1  @a不确定性之痛@9bu que ding xing zhi tong@e黑格尔法哲学的再现实化@dLeiden an unbestimmtheit@eeine reaktualisierung der hegelschen rechtsphilosophie@f(德)阿克塞尔·霍耐特著@g王晓升译@zger
210    @a上海@c华东师范大学出版社@d2016
215    @a25,132页@d19cm
225 2  @a“轻与重”文丛@9qing yu chong wen cong@v37@f姜丹丹,何乏笔主编
330    @a本书是霍耐特的重要著作之一,他将黑格尔法哲学重构为一种规范正义理论;在确证黑格尔法哲学与时代诊断关联之后,又把它视为现代性理论的规范伦理学说。表面看来,霍耐特对黑格尔法哲学的重构似乎游离于主题外,但正是对黑格尔规范正义理论的反思,促使他进一步走向承认与正义关系的思考。
461  0 @12001 @a“轻与重”文丛
510 1  @aLeiden an unbestimmtheit@eeine reaktualisierung der hegelschen rechtsphilosophie@zger
517 1  @a黑格尔法哲学的再现实化@9hei ge er fa zhe xue de zai xian shi hua
600  0 @a黑格尔@9hei ge er@c(Hegel, Georg Wehelm@f1770-1831)@x法哲学@x研究
690    @aB516.35@v5
690    @aD90@v5
701  0 @c(德)@a霍耐特@9huo nai te@c(Honneth, Axel@f1949~)@4著
702  0 @a王晓升@9wang xiao sheng@f(1966~)@4译
801  0 @aCN@b百万庄@c20170616
905    @b1011609-14@dB516.35@e174@f6
    
    不确定性之痛:黑格尔法哲学的再现实化=Leiden an unbestimmtheit:eine reaktualisierung der hegelschen rechtsphilosophie/(德)阿克塞尔·霍耐特著/王晓升译.-上海:华东师范大学出版社,2016
    25,132页;19cm.-(“轻与重”文丛;37/姜丹丹,何乏笔主编)
    
    
    ISBN 978-7-5675-4902-9(精装):CNY38.00
    本书是霍耐特的重要著作之一,他将黑格尔法哲学重构为一种规范正义理论;在确证黑格尔法哲学与时代诊断关联之后,又把它视为现代性理论的规范伦理学说。表面看来,霍耐特对黑格尔法哲学的重构似乎游离于主题外,但正是对黑格尔规范正义理论的反思,促使他进一步走向承认与正义关系的思考。
●
相关链接 在E读中查询图书 在五车中查询图书 在当当中查询图书 在豆瓣中查询图书


正题名:不确定性之痛     索取号:B516.35/174         预约/预借

序号 登录号 条形码 馆藏地/架位号 状态 备注
1 1011609   210116097   第一样本阅览室/ [索取号:B516.35/174] 在馆    
2 1011610   210116104   教育系资料室/ [索取号:B516.35/174] 在馆    
3 1011611   210116113   教育系资料室/ [索取号:B516.35/174] 在馆    
4 1011612   210116122   教育系资料室/ [索取号:B516.35/174] 在馆    
5 1011613   210116131   第一借阅区/ [索取号:B516.35/174] 在馆    
6 1011614   210116140   第一借阅区/ [索取号:B516.35/174] 在馆    
唐山师范学院图书馆 欢迎您!
大连网信软件有限公司© 版权所有